000 00647nam a22001937a 4500
999 _c142761
_d142761
005 20230622154217.0
010 _aENG-119271
020 _a9788173719820
_c475.00
035 _aEN-102803
037 _bDBAD/PUB
082 _a001.642
100 _aSharma,A.K.
245 _aOperating systems/
_cby A.K. Sharma
260 _aHyderabad
_bAmerican Mathematical Society
_c2016
270 _aDistributed by-Universties Press,3-6-747/1/A & 3-6 754/1,Himayatnagar
_bHyderabad (Telagana)
_e500029
300 _axi,379p. :
_c25cm(pbk)
_bill
500 _aIncludes bibliographical references andIndex
942 _2ddc
_cEN
_h001.642
_mSHA